00348 a2200133 4500010001400000020001100014035001300025037001800038082001000056245006500066260003600131300002900167700001800196 aENG-85570 c250.00 aEN-69103 bD.B.Act / Pub14a483.11 aEnglish idioms & how to use themctranslated by Arvind Nanda aMeerutbRavi Pocket Booksc2006 aiv, 296 p.c22 cm (Pbk.)1 aNanda, Arvind